00700 2200241 4500001002100000005001500021035002000036245012400056100002600180250000600206300003600212700002000248260003700268082001000305084001600315020001800331650002400349990001700373990001700390990001700407990001700424990001700441INLIS00000000000059020190116040413 a0010-01190000461 aBudi Daya Kepiting Bakau :bPembenihan, Pembesaran, Penggemukan ) /cM. Ghufran H. Kordi K; Ilustrator, Bambang Pramono0 aM. Ghufran H. Kordi K a- avi, 170 hlm. :bilus. ;c21 cm.0 aBambang Pramono aSemarang :bCV Aneka Ilmu,c2007 a639.5 a639.5 GHU b a979-736-703-7 aPeternakan Kepiting a02151/P/2018 a02152/P/2018 a02153/P/2018 a02154/P/2018 a02155/P/2018